| 000 | 00842cab a2200253 4500 | ||
|---|---|---|---|
| 001 | WB3232-74 | ||
| 008 | 090401t1996 xxu||||| |||| 00| 0 eng d | ||
| 035 | _a(Sirsi) u74048 | ||
| 041 | _aeng | ||
| 245 | _aMilk Marque`s new system hits problems | ||
| 260 | _c1996 | ||
| 350 | _a0 | ||
| 490 |
_aFinancial Times _v22 August 1996, 8 |
||
| 490 |
_aDaily Telegraph _v29 August, 1996, 19(2) |
||
| 520 | _aMilk Marque has reformed its wholesale milk sales system in a bid to escape referral to the Monopolies and Mergers Commission, but the new system has hit problems as only 85% of the milk available has been sold. | ||
| 650 | _aMILK MARQUE | ||
| 650 | _aMILK PRICE | ||
| 650 | _aMILK SALES | ||
| 650 | _aMONOPOLIES AND MERGERS COMMISSION | ||
| 650 | _aREFORMS | ||
| 690 | _aRURAL PRACTICE | ||
| 942 | _n0 | ||
| 948 | _c04/03/1997 | ||
| 999 |
_c46742 _d46742 |
||